Countries that Visit Denmark the Most - Statistics

General Stats
  • This quiz has been taken 1,041 times
  • The average score is 9 of 10
Answer Stats
Visitors Country % Correct
14,800,000 Germany
99%
1,800,000 Sweden
99%
2,500,000 Norway
98%
899,000 United Kingdom
96%
245,000 France
94%
632,000 United States
92%
1,200,000 Netherlands
90%
342,000 Italy
87%
221,000 China
81%
81,000 India
47%
No matching quizzes found
Score Distribution
Percent of People with Each Score
Percentile by Number Answered
Your Score History
You have not taken this quiz